| 000 | 00997nas a2200265 4500 | ||
|---|---|---|---|
| 005 | 20160803112929.0 | ||
| 008 | 950914c199u9999ck qr p r 0 0a0spa d | ||
| 022 | _a0121-5140 | ||
| 040 |
_ahm _chm _dCO-BoIAVH |
||
| 041 | 0 | _aspa | |
| 044 | _ack | ||
| 090 | _aSE- | ||
| 245 | 1 | 0 |
_aInnovación y ciencia / _cAsociación Colombiana para el Avance de la Ciencia. |
| 260 |
_aSanta Fe de Bogotá : _bAsociación Colombiana para el Avance de la Ciencia, _c1992- . |
||
| 300 |
_bilustraciones ; _c28 x 20 cm. |
||
| 310 | _aq | ||
| 321 | _a0 | ||
| 500 | _aDescripción basada en vol.22, no.4 (Oct./Dic. 2015). | ||
| 650 | 2 | 6 |
_aDesarrollo científico _vPublicaciones seriadas. |
| 650 | 2 | 4 |
_aInvestigación científica _vPublicaciones seriadas. |
| 651 | 0 |
_aBogotá (Colombia) _vPublicaciones seriadas. |
|
| 651 | 0 |
_aColombia _vPublicaciones seriadas. |
|
| 710 | 2 |
_aAsociación Colombiana para el Avance de la Ciencia _c(Bogotá) |
|
| 942 |
_2z _cREVISTA _s1 |
||
| 999 |
_c16947 _d16947 |
||